| 000 | 00546nam a22001937a 4500 | ||
|---|---|---|---|
| 003 | NUST | ||
| 005 | 20230531113619.0 | ||
| 008 | 190720b ||||| |||| 00| 0 eng d | ||
| 015 | _qHard Cover | ||
| 038 | _aMr. Zahoor | ||
| 082 | _a658.4 | ||
| 100 |
_aAhmed, Rizwan _918216 |
||
| 245 |
_aPAKISTAN PHARMACEUTICAL INDUSTRY - ISSUES AND PROSPECTS _cRizwan Ahmed. |
||
| 260 |
_aIslamabad : _bNSB - NUST, _c2014. |
||
| 300 |
_avi, 32 p. : ill. ; _c30cm. |
||
| 650 |
_aEMBA Thesis _917645 |
||
| 700 |
_aMr. Umer Ahmed. _918205 |
||
| 942 |
_2ddc _cTHE |
||
| 999 |
_c527112 _d527112 |
||